Представление документа в формате RUSMARC

ПолеНазваниеЗначение
  Тип записи a
  Библиографический уровень a
001 Контрольный номер RU/CBS_UL/BASE/553109380
005 Дата корректировки 20240209175214.3
100 Данные общей обработки __
a Данные общей обработки 20170711d2017 ||| 0rusy0189 ca
101 Язык документа 0_
a Язык текста rus
102 Страна публикации __
a Страна публикации RU
105 Кодированные данные (монография) __
a Кодированные данные (монография) y###||||000|y
200 Заглавие и сведения об ответственности 1_
a Заглавие Портрет земного ядра
b Общее обозначение материала Текст
f Первые сведения об ответственности Ф. Нико
300 Общие примечания __
a Общие примечания Ограничения по возрасту - 12+
461 Уровень набора _0
1 2000
a Юный эрудит
463 Уровень физической единицы _0
1 001RU/CBS_Ul/BASE/542214326
1 2000
a № 3
v С. 24-27 : ил
1 210
d 2017
606 Тематические рубрики 0_
a Основная рубрика Земля - Строение
610 Ключевые слова 0_
a Ключевые слова строение Земли
a Ключевые слова ядро Земли
a Ключевые слова строение ядра Земли
686 Индексы других классификаций __
a Классификационный индекс 26.21
2 Код системы ББК
700 Автор _1
a Фамилия Нико
b Имя (инициалы) Ф.
801 Источник записи _0
a Страна RU
b Организация МБУК ЦБС г. Ульяновска
c Дата составления 20170711
g Правила каталогизации RCR
801 Источник записи _1
a Страна RU
b Организация МБУК ЦБС г. Ульяновска
c Дата составления 20170711
g Правила каталогизации RCR
901 Тип документа __
t Тип документа b
w Контрольный № источника RU/CBS_Ul/BASE/542214326
910 Корректоры записи __
a Корректор записи Ильина
938 Служебная информация __
a Имя БД period